Theory of linear operators in Hilbert space /
Guardado en:
| Autor Principal: | |
|---|---|
| Otros Autores: | |
| Formato: | Libro |
| Idioma: | English Russian |
| Publicado: |
New York :
F. Ungar,
c1961-c1963.
|
| Materias: | |
| Etiquetas: |
Agregar Etiqueta
Sin Etiquetas, Sea el primero en etiquetar este registro!
|
| LEADER | 01075nam a22002775a 4500 | ||
|---|---|---|---|
| 001 | MAT.inmabb004633 | ||
| 008 | 841107m19611963nyu######b####001#0#eng## | ||
| 005 | 20180611164643.0 | ||
| 245 | 1 | 0 | |a Theory of linear operators in Hilbert space / |c N.I. Akhiezer and I.M. Glazman ; translated from the Russian by Merlynd Nestell. |
| 260 | |a New York : |b F. Ungar, |c c1961-c1963. | ||
| 300 | |a 2 v. ; |c 25 cm. | ||
| 500 | |a Traducción de: Teoriia lineinykh operatorov v Gil'bertovom prostranstve. | ||
| 504 | |a Bibliografía: v. 1, p. 139-144. | ||
| 510 | 4 | |a MR, |c 41 #9015a | |
| 100 | 1 | |a Akhiezer, N. I. |q (Naum Il'ich), |d 1901- | |
| 240 | 1 | 0 | |a Teoriia lineinykh operatorov v Gil'bertovom prostranstve. |l Inglés |
| 700 | 1 | |a Glazman, I. M. |q (Izrail´ Markovich) | |
| 740 | 0 | |a Linear operators. | |
| 650 | 0 | |a Hilbert space. | |
| 650 | 0 | |a Linear operators. | |
| 084 | |a 47-01 (46-01) |2 msc2000 | ||
| 010 | |a 60053138 | ||
| 040 | |a DLC/ICU |c ICU |d DLC | ||
| 041 | 1 | |a eng |h rus | |
| 859 | |h 47 |i Ak315 |p A-4300 |v 1 |3 Vol. 1 |b BIB. MATEMATICA | ||
| 859 | |h 47 |i Ak315 |p A-4301 |v 2 |3 Vol. 2 |b BIB. MATEMATICA | ||
